Podium du Rallye de Suède - Statistiques

Statistiques générales
  • Ce quiz a été pris 22 fois
    10 depuis la dernière actualisation
  • Le résultat moyen est 26 sur 83
Statistiques - réponses
Vainqueur % Correct
Sébastien Loeb
100%
Sébastien Ogier
100%
Takamoto Katsuta
100%
Adrien Fourmaux
89%
Ott Tanak
89%
Thierry Neuville
89%
Carlos Sainz
78%
Colin McRae
78%
Craig Breen
78%
Elfyn Evans
78%
Esapekka Lappi
78%
Jari-Matti Latvala
78%
Marcus Gronholm
78%
Michèle Mouton
78%
Petter Solberg
78%
Ari Vatanen
67%
Harri Rovenpera
67%
Kalle Rovenpera
67%
Mikko Hirvonen
67%
Tommi Makinen
67%
Walter Rohrl
67%
Andréas Mikkelsen
56%
Kenneth Eriksson
56%
Ove Eriksson
56%
Stig Blomqvist
56%
Timo Salonen
56%
Bjorn Waldegard
44%
Hannu Mikkola
44%
Juha Kankunnen
44%
Mads Ostberg
44%
Markku Alen
44%
Daniel Carlsson
33%
Erik Carlsson
33%
Gianluigi Galli
33%
Hayden Paddon
33%
Ingvar Carlsson
33%
Richard Burns
33%
Markko Martin
22%
Mikael Ericsson
22%
Per Eklund
22%
Thomas Radstrom
22%
Ake Andersson
11%
Anders Kullang
11%
Gunnar Andersson
11%
Gunnar Kallstrom
11%
Harry Kallstrom
11%
Ivar Andersson
11%
Jean-Luc Thérier
11%
Lasse Lampi
11%
Mats Jonsson
11%
Simo Lampinen
11%
Toni Gardemeister
11%
Allan Borgefors
0%
Arne Wernersson
0%
Arthur Wessblad
0%
Bengt Soderstrom
0%
Berndt Jansson
0%
Bertil Soderstrom
0%
Bo Ljungfeldt
0%
Bror Danielsson
0%
Carl-Gunnar Hammarlund
0%
Carl-Magnus Skogh
0%
Gunnar Bengtsson
0%
Hakan Lindberg
0%
Harry Bengtsson
0%
Helmer Adiels
0%
John Kvarnstrom
0%
John Kvarnstrom
0%
Kalle Grundel
0%
Lars-Erik Torph
0%
Lars Nystrom
0%
Lillebror Nasenius
0%
Martin Carstedt
0%
Olof Persson
0%
Owe Stalheim
0%
Pentti Airikkala
0%
Per-Fredrik Cederbaum
0%
Rauno Aaltonen
0%
Raymond Sjoqvist
0%
Stig Gruen
0%
Sture Nottorp
0%
Thure Jansson
0%
Tom Trana
0%
Aucun quiz correspondant
Distribution des résultats
% des personnes avec chaque résultat
Percentile par nombre de réponses
Votre historique - résultats
Vous n’avez pas pris ce quiz depuis la dernière actualisation